Flore libano-syrienne /

محفوظ في:

المؤلف الرئيسي: Thiébaut, Jean (مؤلف)

التنسيق: كتاب

اللغة: French

منشور في: Le Caire : Imprimerie de l'Institut français d'archéologie orientale, 1936-1940.

سلاسل: Memoires de l'Institut d'Egypte ; 31, 40.
MIE ; 31, 40.

الموضوعات:

الوسوم: إضافة وسم

لا توجد وسوم, كن أول من يضع وسما على هذه التسجيلة!

رقم الطلب: DT43 .I625 v.31, 40

LEADER 00920namaa2200289 4500
001 18865
003 OSt
005 20260317081259.0
008 130303m19361940ua 000 0 fre d
010 |a 41008244 
040 |c ARCE Library 
043 |a a-le---  |a a-sy--- 
050 4 |a DT43 .I625 v.31, 40 
100 1 |a Thiébaut, Jean,  |e author  |9 41037 
245 1 0 |a Flore libano-syrienne /  |c par J. Thiébaut. 
264 1 |a Le Caire :  |b Imprimerie de l'Institut français d'archéologie orientale,  |c 1936-1940. 
300 |a 2 volumes ;   |c 29 cm. 
490 1 |a Memoires de l'Institut d'Egypte ;   |v 31, 40. 
490 1 |a MIE ;   |v 31, 40. 
505 0 |a 1e. partie : 1936 xxiv, 174 p. -- 2e. partie : 1940 372 p., xvi pl. 
650 0 |a Botany  |z Syria. 
650 0 |a Botany  |z Lebanon. 
830 0 |a Memoires de l'Institut d'Egypte ;   |v 31, 40. 
830 0 |a MIE ;   |v 31, 40. 
901 |a reviewed 
942 |c BK  |2 lcc 
999 |c 15933  |d 15933